Normal view
MARC view
- Pearce, John .A,Robinson, Richard.B
Entry Personal Name
001 - CONTROL NUMBER
- control field: 60986
003 - CONTROL NUMBER IDENTIFIER
- control field: NUST
005 - DATE AND TIME OF LATEST TRANSACTION
- control field: 20210628202651.0
008 - FIXED-LENGTH DATA ELEMENTS
- fixed length control field: 210628|| aca||aabn | a|a d
040 ## - CATALOGING SOURCE
- Original cataloging agency: NUST
- Transcribing agency: NUST
100 ## - HEADING--PERSONAL NAME
- Personal name: Pearce, John .A,Robinson, Richard.B
670 ## - SOURCE DATA FOUND
- Source citation: Work cat.: (NUST): Pearce, John .A,Robinson, Richard.B, Strategic management formulation implementation and control, 2007
